000 003090000a22001450004500
003 MACL
040 _aMACL
090 _c32298
_d32296
100 _aSubramaniam, Neela
245 _aSpectacular Book of Quiz
260 _bSura Books
350 _a70
650 _aGeneral management
942 _cBOOK
_k001/Sub
999 _c31969
_d31969